| 000 | 00661nam a2200217Ii 4500 | ||
|---|---|---|---|
| 003 | JO-AjNU | ||
| 008 | 230606s9999||||xx |||||||||||||| ||und|| | ||
| 020 | _a978-81-317-25931 | ||
| 040 |
_aJO-AjNU _beng _erda _cJO-AjNU |
||
| 041 | _aeng | ||
| 050 | 1 | 4 | _aQA76.76.D47.S565.2009 |
| 100 | 3 |
_aBroderick,Stacia/Slinger,Michele, _eauthor _91421 |
|
| 245 | 0 | 4 | _aThe Software Project Managers Bridge to Agiliity |
| 250 | _a1 ed | ||
| 264 | 3 | 1 | _aLondon:PEARSON,2009 |
| 300 | _a350p | ||
| 336 |
_atext _btxt _2rdacontent |
||
| 337 |
_aunmediated _bn _2rdamedia |
||
| 338 |
_avolume _bnc _2rdacarrier |
||
| 650 | 4 |
_aThe Software Project Managers Bridge to Agiliity _91422 |
|
| 999 |
_aE750 _c750 _d750 |
||